|
|
|
|
| LEADER |
02942nam a22005175i 4500 |
| 001 |
978-3-642-53737-0 |
| 003 |
DE-He213 |
| 005 |
20151204171353.0 |
| 007 |
cr nn 008mamaa |
| 008 |
131230s2014 gw | s |||| 0|eng d |
| 020 |
|
|
|a 9783642537370
|9 978-3-642-53737-0
|
| 024 |
7 |
|
|a 10.1007/978-3-642-53737-0
|2 doi
|
| 040 |
|
|
|d GrThAP
|
| 050 |
|
4 |
|a Q342
|
| 072 |
|
7 |
|a UYQ
|2 bicssc
|
| 072 |
|
7 |
|a COM004000
|2 bisacsh
|
| 082 |
0 |
4 |
|a 006.3
|2 23
|
| 245 |
1 |
0 |
|a Soft Computing for Business Intelligence
|h [electronic resource] /
|c edited by Rafael Espin, Rafael Bello Pérez, Angel Cobo, Jorge Marx, Ariel Racet Valdés.
|
| 264 |
|
1 |
|a Berlin, Heidelberg :
|b Springer Berlin Heidelberg :
|b Imprint: Springer,
|c 2014.
|
| 300 |
|
|
|a XII, 432 p. 95 illus., 4 illus. in color.
|b online resource.
|
| 336 |
|
|
|a text
|b txt
|2 rdacontent
|
| 337 |
|
|
|a computer
|b c
|2 rdamedia
|
| 338 |
|
|
|a online resource
|b cr
|2 rdacarrier
|
| 347 |
|
|
|a text file
|b PDF
|2 rda
|
| 490 |
1 |
|
|a Studies in Computational Intelligence,
|x 1860-949X ;
|v 537
|
| 505 |
0 |
|
|a Part I Soft Computing -- Part II Business Intelligence and Knowledge Discovery -- Part III Knowledge Management and Decision Making.
|
| 520 |
|
|
|a The book Soft Computing for Business Intelligence is the remarkable output of a program based on the idea of joint trans-disciplinary research as supported by the Eureka Iberoamerica Network and the University of Oldenburg. It contains twenty-seven papers allocated to three sections: Soft Computing, Business Intelligence and Knowledge Discovery, and Knowledge Management and Decision Making. Although the contents touch different domains they are similar in so far as they follow the BI principle “Observation and Analysis” while keeping a practical oriented theoretical eye on sound methodologies, like Fuzzy Logic, Compensatory Fuzzy Logic (CFL), Rough Sets and other softcomputing elements. The book tears down the traditional focus on business, and extends Business Intelligence techniques in an impressive way to a broad range of fields like medicine, environment, wind farming, social collaboration and interaction, car sharing and sustainability.
|
| 650 |
|
0 |
|a Engineering.
|
| 650 |
|
0 |
|a Information technology.
|
| 650 |
|
0 |
|a Business
|x Data processing.
|
| 650 |
|
0 |
|a Computational intelligence.
|
| 650 |
1 |
4 |
|a Engineering.
|
| 650 |
2 |
4 |
|a Computational Intelligence.
|
| 650 |
2 |
4 |
|a IT in Business.
|
| 700 |
1 |
|
|a Espin, Rafael.
|e editor.
|
| 700 |
1 |
|
|a Pérez, Rafael Bello.
|e editor.
|
| 700 |
1 |
|
|a Cobo, Angel.
|e editor.
|
| 700 |
1 |
|
|a Marx, Jorge.
|e editor.
|
| 700 |
1 |
|
|a Valdés, Ariel Racet.
|e editor.
|
| 710 |
2 |
|
|a SpringerLink (Online service)
|
| 773 |
0 |
|
|t Springer eBooks
|
| 776 |
0 |
8 |
|i Printed edition:
|z 9783642537363
|
| 830 |
|
0 |
|a Studies in Computational Intelligence,
|x 1860-949X ;
|v 537
|
| 856 |
4 |
0 |
|u http://dx.doi.org/10.1007/978-3-642-53737-0
|z Full Text via HEAL-Link
|
| 912 |
|
|
|a ZDB-2-ENG
|
| 950 |
|
|
|a Engineering (Springer-11647)
|